000 00557nab a2200157 4500
003 ES-SlBCS
005 20210327231242.0
008 160907s2015 bl ||||| |||| 00| 0 por d
040 _aES-SlBCS
_bspa
100 1 _aNicolau, Marcos Fábio A.
_9411221
245 1 2 _aA bildung hegeliana ainda nos é uma proposta possível?
_cMarcos Fábio A. Nicolau
246 1 1 _aIs Hegelian bildung still a possible proposal?
650 0 0 _aEducación
_986687
773 0 _gVol. 29, Nº 58, 2015, págs. 647-663
_tEducaçao e Filosofia
_wRev1534
_x0102-6801
942 _2lcc
_cAR
999 _c858489
_d858489